|
|
|
|
| LEADER |
01838nam a2200517 a 4500 |
| 001 |
nkc20071706548 |
| 003 |
CZ PrNK |
| 005 |
20220615102952.0 |
| 007 |
ta |
| 008 |
070125s2007 xr e f 000 0 cze |
| 015 |
|
|
|a cnb001706548
|
| 020 |
|
|
|a 978-80-86783-20-8
|q (MAC ;
|q brož.)
|
| 035 |
|
|
|a (OCoLC)124091388
|
| 040 |
|
|
|a OLA001
|b cze
|d ABA001
|
| 043 |
|
|
|a e-xr---
|
| 072 |
|
7 |
|a 373.2/.3
|x Předškolní a primární výchova a vzdělávání
|2 Konspekt
|9 22
|
| 080 |
|
|
|a 159.954
|2 MRF
|
| 080 |
|
|
|a 37.015.31:316.42
|2 MRF
|
| 080 |
|
|
|a 37.091.214
|2 MRF
|
| 080 |
|
|
|a 373.3
|2 MRF
|
| 080 |
|
|
|a (437.3)
|2 MRF
|
| 080 |
|
|
|a (072)
|2 MRF
|
| 100 |
1 |
|
|a Vančát, Jaroslav,
|d 1949-
|7 jn20010309233
|4 aut
|
| 245 |
1 |
0 |
|a Výchova k tvořivosti ve Školním vzdělávacím programu /
|c Jaroslav Vančát
|
| 250 |
|
|
|a Vyd. 1.
|
| 260 |
|
|
|a Praha :
|b EduArt ve vydavatelství MAC,
|c 2007
|
| 300 |
|
|
|a 38 s. ;
|c 21 cm
|
| 500 |
|
|
|a Vydáno v rámci projektu EduArt
|
| 504 |
|
|
|a Obsahuje bibliografii a bibliografické odkazy
|
| 650 |
0 |
7 |
|a kreativita
|7 ph121937
|2 czenas
|
| 650 |
0 |
7 |
|a osobnostní a sociální výchova
|7 ph351300
|2 czenas
|
| 650 |
0 |
7 |
|a vzdělávací programy
|7 ph127309
|z Česko
|2 czenas
|
| 650 |
0 |
7 |
|a základní školy
|7 ph116795
|z Česko
|2 czenas
|
| 650 |
0 |
9 |
|a creative ability
|2 eczenas
|
| 650 |
0 |
9 |
|a personal and social education
|2 eczenas
|
| 650 |
0 |
9 |
|a educational programs
|z Czechia
|2 eczenas
|
| 650 |
0 |
9 |
|a elementary schools
|z Czechia
|2 eczenas
|
| 655 |
|
7 |
|a metodické příručky
|7 fd132826
|2 czenas
|
| 655 |
|
9 |
|a methodological manuals
|2 eczenas
|
| 710 |
2 |
|
|a EduArt (projekt)
|7 kn20070308012
|
| 910 |
2 |
|
|a BOA001
|b 2-1179.793
|
| 928 |
9 |
|
|a MAC
|
| 990 |
|
|
|a BK
|
| 995 |
|
|
|a 01
|
| 991 |
|
|
|b 200703
|c NOV
|
| 996 |
6 |
|
|b 2610301645
|c 2-1179.793
|l MZK
|r Sklad / do 1 hodiny
|n 12
|p p.v.
|w 000839472
|u 000010
|a 1
|e BOA001
|j MZK50
|s P
|